000 00479nam a2200193Ia 4500
003 GCL
008 140319s9999 xx 000 0 eng d
040 _aGCL /
_cGCL
082 0 4 _a425
_bM V
100 1 _aRINVOLUCRI, MARIO
245 1 0 _aVOCABULARY /
_cRINVOLUCRI, MARIO
700 1 _aMORGAN, JOHN
260 _a[S.N] :
_bELBS ،
_c1991
300 _a125 P
650 0 4 _aENGLISH LANGUAGE - GRAMMAR
650 0 4 _aENGLISH LANGUAGE
650 0 4 _aVOCABULARY
942 _2ddc
_cBK
999 _c10615
_d10615